000 00309nam a22001337a 4500
008 171101b xxu||||| |||| 00| 0 eng d
020 _a9780739108499
041 _aeng
080 _a339
100 _a59
101 _aTRE
245 _aNEW DIRECTIONS FOR INTERNATIONAL RELATIONS
_cMINTZ,A
942 _2udc
_cBK
999 _c37079
_d37079